Real numbers : management accounting in a lean organization
Αποθηκεύτηκε σε:
| Κύριος συγγραφέας: | |
|---|---|
| Άλλοι συγγραφείς: | , |
| Μορφή: | Βιβλίο |
| Γλώσσα: | English |
| Δημοσίευση: |
Durham, NC :
Managing Times Press,
2003
|
| Θέματα: | |
| Ετικέτες: |
Προσθήκη ετικέτας
Δεν υπάρχουν, Καταχωρήστε ετικέτα πρώτοι!
|
MARC
| LEADER | 00000nam a2200000 i 4500 | ||
|---|---|---|---|
| 001 | 1/63590 | ||
| 008 | 071120s2003 eng d | ||
| 020 | |a 0-9728099-0-2 | ||
| 035 | |l 10092393 | ||
| 040 | |a GR-MY-UA |b gre |e aacr | ||
| 041 | 0 | |a eng | |
| 082 | 0 | |a 658.1511 |2 (22) | |
| 100 | 1 | |a Cunningham, Jean J. | |
| 245 | 1 | 0 | |a Real numbers : |b management accounting in a lean organization / |c Jean E. Cunningham and Orest J. Fiume, with Emily Adams |
| 260 | |a Durham, NC : |b Managing Times Press, |c 2003 | ||
| 300 | |a x, 184 σ.; |b σχ., πιν.; |c 23 εκ. | ||
| 504 | |a Περιλαμβάνει ευρετήριο | ||
| 650 | 0 | 0 | |a Managerial accounting. |
| 650 | 0 | 0 | |a Corporations |x Accounting. |
| 650 | 0 | 0 | |a Organizational effectiveness. |
| 700 | 1 | |a Fiume, Orest J. | |
| 700 | 1 | |a Emily, Adams. | |
| 852 | |a INST |b CHIOS |e 20071120 |h 658.1511 CUN |p 005200028396 |q 005200028396 |t BK |y 0 | ||
| 901 | |a BIBL2-2007-3 | ||
| 909 | |a Χ |b 140318 | ||
| 922 | |a 2ΕΛΗ |b 200711 |c ΕΠΕΑΕΚ2/ΤΜΟΔ |d ΠΑΠΑΣΩΤΗΡΙΟΥ | ||
| 970 | |a ΑΤΣΑΛΗ |b ΔΕΣΠΟΙΝΑ |z 2007/11/20 | ||